Loading...

Conceptual design for engineers /

Bibliographic Details
Main Author: French, M. J.
Format: Printed Book
Published: London ; New York : Springer, c1998.
Edition:3rd ed.
Subjects:
Online Access:http://www.loc.gov/catdir/enhancements/fy0816/98037309-d.html
http://www.loc.gov/catdir/enhancements/fy0816/98037309-t.html
LEADER 00754pam a2200193 a 4500
999 |c 241900  |d 241900 
020 |a 1852330279 (hardcover : alk. paper) 
082 0 0 |a 620  |b FRE 
100 1 |a French, M. J. 
245 1 0 |a Conceptual design for engineers /  |c Michael French. 
250 |a 3rd ed. 
260 |a London ;  |a New York :  |b Springer,  |c c1998. 
300 |a xix, 252 p. :  |b ill. ; 
504 |a Includes bibliographical references and index. 
650 0 |a Engineering design. 
856 4 2 |u http://www.loc.gov/catdir/enhancements/fy0816/98037309-d.html 
856 4 1 |u http://www.loc.gov/catdir/enhancements/fy0816/98037309-t.html 
942 |c BK 
952 |0 0  |1 0  |4 0  |6 620_000000000000000_FRE  |7 0  |9 256762  |a DFS  |b DFS  |d 2019-12-18  |l 0  |o 620 FRE  |p DFS3294  |r 2019-12-18  |w 2019-12-18  |y BK